[Event "14th Pan-American ch"]
[Site "Boca Raton USA"]
[Date "2008.11.06"]
[Round "8.9"]
[White "Terry Lujan, Renato Alfredo"]
[Black "Barrientos Chavarriaga, Sergio"]
[Result "1/2-1/2"]
[WhiteElo "2349"]
[BlackElo "2450"]
[EventDate "2008.11.01"]
[PlyCount "86"]

1.d4 Nf6 2.c4 g6 3.Nc3 d5 4.Nf3 Bg7 5.Bg5 Ne4 6.cxd5 Nxg5 7.Nxg5 c6 8.dxc6
Nxc6 9.e3 e5 10.d5 Qxg5 11.dxc6 O-O 12.h4 Qe7 13.Nd5 Qd6 14.Rc1 e4 15.c7 
Bxb2 16.Rc2 Be5 17.Bc4 Bd7 18.O-O Bc6 19.Qg4 Bd7 20.Qd1 Rac8 21.Qb1 Bc6 
22.Rd1 Qa3 23.Bb5 Bxd5 24.Rxd5 Qe7 25.Rc4 Rxc7 26.Qxe4 Rxc4 27.Qxc4 a6 28.
Bd7 h5 29.g3 Qf6 30.Qe4 Bb8 31.Kg2 Rd8 32.Ba4 Rxd5 33.Qxd5 b5 34.Bb3 Kg7 
35.e4 Ba7 36.f4 a5 37.Qd7 a4 38.Bd5 Bc5 39.e5 Qe7 40.Qxb5 a3 41.Qc4 Ba7 
42.Qc3 Qc5 43.Qd3 Qd4 1/2-1/2

[Event "14th Pan-American ch"]
[Site "Boca Raton USA"]
[Date "2008.11.06"]
[Round "8.10"]
[White "Melekhina, Alisa"]
[Black "Aldama Degurnay, Dionisio"]
[Result "1/2-1/2"]
[WhiteElo "2299"]
[BlackElo "2457"]
[EventDate "2008.11.01"]
[PlyCount "161"]

1.e4 c5 2.Nc3 e6 3.g3 d5 4.exd5 exd5 5.Bg2 Nf6 6.d3 Be7 7.Nge2 d4 8.Ne4 
Nxe4 9.Bxe4 Nd7 10.O-O O-O 11.Bg2 Ne5 12.h3 a5 13.Nf4 Bd6 14.a4 Re8 15.b3 
Rb8 16.Bd2 Bd7 17.Re1 b6 18.Qh5 g6 19.Qd1 Bf8 20.Nd5 Bxh3 21.Bxh3 Qxd5 22.
Bg2 Qd7 23.Bf4 Bg7 24.Bxe5 Bxe5 25.Qf3 Bg7 26.Qc6 Qxc6 27.Bxc6 Rec8 28.Bb5
Rc7 29.Re4 Bf6 30.Rae1 Kg7 31.Kg2 Rd8 32.Re8 Rd6 33.Kf3 h5 34.Kg2 Kh6 35.
Bc4 Kg7 36.Bb5 h4 37.Bc4 hxg3 38.Kxg3 Bg5 39.Rh1 Bh6 40.Rhe1 Rf6 41.R1e7 
Rcc6 42.Ra7 Rf5 43.Raa8 Bd2 44.Rh8 Be1 45.Rag8+ Kf6 46.Rh2 Rg5+ 47.Kf3 Ke7
48.Bb5 Rf6+ 49.Ke2 Re6+ 50.Kf1 Kf6 51.Re8 Rxe8 52.Bxe8 Re5 53.Bc6 Bd2 54.
Be4 Kg7 55.f3 Be3 56.Bc6 Rg5 57.Rg2 Rh5 58.Re2 f5 59.Kg2 Kf6 60.Bb5 Kg5 
61.c3 Kf4 62.cxd4 cxd4 63.Bc6 Rg5+ 64.Kh2 Rg3 65.Rg2 Rxf3 66.Bxf3 Kxf3 67.
Rxg6 f4 68.Rg2 Bf2 69.Kh3 Bg3 70.Rb2 Ke3 71.b4 Kxd3 72.bxa5 bxa5 73.Rb5 
Ke4 74.Rxa5 d3 75.Ra8 Bf2 76.Kg2 Bb6 77.Re8+ Kd4 78.Re1 d2 79.Rd1 Ke3 80.
Rxd2 Kxd2 81.Kf3 1/2-1/2

[Event "14th Pan-American ch"]
[Site "Boca Raton USA"]
[Date "2008.11.06"]
[Round "8.11"]
[White "Sarkar, Justin"]
[Black "Kleiman, Jake"]
[Result "1/2-1/2"]
[WhiteElo "2451"]
[BlackElo "2315"]
[EventDate "2008.11.01"]
[PlyCount "84"]

1.e4 c5 2.Nf3 e6 3.d4 cxd4 4.Nxd4 a6 5.Bd3 Qc7 6.O-O Nf6 7.Qe2 d6 8.c4 g6 
9.Nc3 Bg7 10.Nf3 O-O 11.Bf4 Ng4 12.Rac1 Ne5 13.Rfd1 Nbc6 14.Bb1 Bd7 15.b3 
Rfd8 16.Bg5 Re8 17.Ne1 Ne7 18.Qd2 Nc8 19.c5 Bf8 20.cxd6 Qxd6 21.Qe2 Qa3 
22.f4 Nc6 23.Kh1 Nb6 24.e5 h6 25.Bf6 Rac8 26.Qg4 Ne7 27.h4 h5 28.Qe2 Nf5 
29.Bxf5 exf5 30.Nd3 Rxc3 31.Rxc3 Nd5 32.Qb2 Qa5 33.b4 Qb6 34.Nc5 Nxc3 35.
Rxd7 Bxc5 36.Qxc3 Qb5 37.Qd3 Qxb4 38.Qd5 Qe1+ 39.Kh2 Qg1+ 40.Kh3 Qh1+ 41.
Kg3 Qe1+ 42.Kh3 Qh1+ 1/2-1/2

[Event "14th Pan-American ch"]
[Site "Boca Raton USA"]
[Date "2008.11.06"]
[Round "8.12"]
[White "Almeida Saenz, Alfonso"]
[Black "Ferrufino Hurtado, Boris"]
[Result "1-0"]
[WhiteElo "2378"]
[BlackElo "2182"]
[EventDate "2008.11.01"]
[PlyCount "106"]

1.d4 Nf6 2.Nf3 e6 3.c4 b6 4.g3 Bb7 5.Bg2 Be7 6.Nc3 Ne4 7.Qc2 Nxc3 8.Qxc3 
O-O 9.O-O f5 10.b4 Be4 11.Bb2 c6 12.Rac1 Na6 13.a3 Nc7 14.Bh3 Bxf3 15.Qxf3
b5 16.cxb5 Nxb5 17.Bg2 Nc7 18.Bc3 Qc8 19.Qd3 Rb8 20.e4 fxe4 21.Bxe4 h6 22.
Qe2 Qe8 23.Bd2 Nd5 24.Bb1 Bd6 25.f4 Nf6 26.g4 g6 27.Rc3 h5 28.gxh5 Nxh5 
29.Qg4 Rf5 30.Rh3 Rbb5 31.Kh1 Kg7 32.Bxf5 Rxf5 33.Rg1 Nf6 34.Qg2 Nd5 35.
Rg3 Ne7 36.d5 cxd5 37.Bc3+ e5 38.fxe5 Bxe5 39.Bxe5+ Rxe5 40.Qb2 d6 41.Qd4 
Qd7 42.Rg5 Qe6 43.R5g2 a6 44.Qa7 Kh6 45.Qxa6 Re1 46.Qd3 Rxg1+ 47.Rxg1 Nf5 
48.b5 d4 49.Qf3 d5 50.a4 g5 51.b6 Ne3 52.b7 Qe5 53.Rb1 g4 1-0

[Event "14th Pan-American ch"]
[Site "Boca Raton USA"]
[Date "2008.11.06"]
[Round "8.26"]
[White "Barros Lizcano, Raul"]
[Black "Hortillosa, Andres"]
[Result "1-0"]
[WhiteElo "2044"]
[BlackElo "2199"]
[EventDate "2008.11.01"]
[PlyCount "98"]

1.d4 Nf6 2.c4 e6 3.Nc3 Bb4 4.Qb3 c5 5.dxc5 Nc6 6.Bd2 Nd4 7.Qd1 Bxc5 8.e3 
Nc6 9.Nf3 O-O 10.Rc1 Re8 11.Be2 b6 12.O-O Bb7 13.a3 a5 14.Qc2 Rc8 15.Qb1 
Bd6 16.Rfd1 Ne5 17.Nb5 Bb8 18.Ne1 Nfg4 19.g3 Qf6 20.f4 Nxh2 21.Kxh2 Qh6+ 
22.Kg1 Qh1+ 23.Kf2 Qh2+ 24.Kf1 Qxg3 25.Rc3 Qh3+ 26.Kf2 Qh2+ 27.Kf1 Rc5 28.
Nd4 Qh1+ 29.Kf2 Be4 30.Nef3 Ng4+ 31.Kg3 Qh5 32.Qxe4 Nf6 33.Qb1 Qg4+ 34.Kf2
Qh3 35.Rg1 Rh5 36.Ke1 d5 37.Bf1 Qh1 38.Rxh1 Rxh1 39.c5 bxc5 40.Rxc5 Ne4 
41.Rc1 e5 42.fxe5 Bxe5 43.Bxa5 Bf6 44.Ke2 Bxd4 45.Nxd4 Rh2+ 46.Ke1 g6 47.
Qd3 Rxb2 48.Nc6 Nf2 49.Qd4 Ra2 1-0

[Event "14th Pan-American ch"]
[Site "Boca Raton USA"]
[Date "2008.11.07"]
[Round "9.1"]
[White "Ehlvest, Jaan"]
[Black "Shabalov, Alexander"]
[Result "1-0"]
[WhiteElo "2581"]
[BlackElo "2585"]
[EventDate "2008.11.01"]
[PlyCount "69"]

1.c4 f5 2.g3 Nf6 3.Bg2 g6 4.Nc3 Bg7 5.e3 O-O 6.Nge2 Nc6 7.O-O a6 8.b3 Rb8 
9.Bb2 b5 10.Rb1 e6 11.d4 Qe8 12.Nf4 g5 13.Nd3 d6 14.Rc1 bxc4 15.bxc4 e5 
16.dxe5 Nxe5 17.Ba1 c6 18.Nxe5 dxe5 19.Qd6 Bd7 20.Rfd1 Qh5 21.Na4 Rbe8 22.
Nb6 Be6 23.Qxe5 Rf7 24.Qc5 Ng4 25.h3 Nxf2 26.Kxf2 f4 27.Qxc6 fxe3+ 28.Kg1 
Rf2 29.g4 Qf7 30.Bxg7 Kxg7 31.Qe4 Bc8 32.Qd4+ Kh6 33.Rf1 Bb7 34.Nd5 Bxd5 
35.cxd5 1-0

[Event "14th Pan-American ch"]
[Site "Boca Raton USA"]
[Date "2008.11.07"]
[Round "9.3"]
[White "Leon Hoyos, Manuel"]
[Black "Stripunsky, Alexander"]
[Result "1/2-1/2"]
[WhiteElo "2535"]
[BlackElo "2553"]
[EventDate "2008.11.01"]
[PlyCount "86"]

1.e4 c5 2.Nf3 e6 3.d4 cxd4 4.Nxd4 a6 5.Bd3 Bc5 6.Nb3 Ba7 7.Qg4 Nf6 8.Qg3 
d6 9.Nc3 Nc6 10.Bg5 h6 11.Bd2 Nh5 12.Qf3 Nf6 13.Qg3 Nh5 14.Qf3 Nf6 15.
O-O-O e5 16.Qg3 Nh5 17.Qf3 Nf6 18.Nd5 Be6 19.g4 Nxg4 20.Rhg1 Qh4 21.Nc7+ 
Ke7 22.Nxe6 Nxh2 23.Qe2 fxe6 24.Rxg7+ Kf8 25.Rdg1 Qxf2 26.Qh5 Qf3 27.Qxh2 
Bxg1 28.Rxg1 Ke8 29.Rf1 Qg4 30.Rg1 Qf3 31.Rf1 Qg4 32.Be2 Qg8 33.Rg1 Qh7 
34.Qh3 Kd7 35.Qd3 Kc7 36.Ba5+ Nxa5 37.Nxa5 Rac8 38.Nxb7 Kxb7 39.Qxa6+ Kb8 
40.Rg3 Rc7 41.Qxd6 Qe7 42.Rb3+ Ka8 43.Ra3+ Kb8 1/2-1/2

[Event "14th Pan-American ch"]
[Site "Boca Raton USA"]
[Date "2008.11.07"]
[Round "9.5"]
[White "Bhat, Vinay"]
[Black "Lima, Darcy"]
[Result "1/2-1/2"]
[WhiteElo "2498"]
[BlackElo "2488"]
[EventDate "2008.11.01"]
[PlyCount "91"]

1.d4 d5 2.c4 e6 3.Nc3 Nf6 4.Bg5 Be7 5.Nf3 O-O 6.Qc2 h6 7.Bh4 Ne4 8.Bxe7 
Qxe7 9.Nxe4 dxe4 10.Nd2 f5 11.e3 e5 12.d5 c5 13.Be2 Na6 14.O-O Nc7 15.Rfd1
Ne8 16.b4 b6 17.Nb3 f4 18.Qxe4 Nd6 19.Qc2 fxe3 20.fxe3 Qg5 21.Rf1 Bh3 22.
Bh5 Qxe3+ 23.Kh1 Bf5 24.Qc1 Qxc1 25.Raxc1 cxb4 26.Rfe1 Rac8 27.c5 bxc5 28.
Nxc5 e4 29.Na6 Rxc1 30.Rxc1 e3 31.Nxb4 Be4 32.Re1 Rf2 33.Bf3 Bxf3 34.gxf3 
Rxf3 35.Kg2 Rf2+ 36.Kg1 Rb2 37.Nd3 Rxa2 38.Rxe3 Nf5 39.Re8+ Kf7 40.Ra8 Kf6
41.Rf8+ Kg5 42.h4+ Kg4 43.Ne5+ Kf4 44.Nd3+ Kg4 45.Ne5+ Kf4 46.Nd3+ 1/2-1/2

[Event "14th Pan-American ch"]
[Site "Boca Raton USA"]
[Date "2008.11.07"]
[Round "9.7"]
[White "Barrientos Chavarriaga, Sergio"]
[Black "Betaneli, Alexander"]
[Result "1-0"]
[WhiteElo "2450"]
[BlackElo "2318"]
[EventDate "2008.11.01"]
[PlyCount "69"]

1.e4 e5 2.Nf3 Nc6 3.Bb5 a6 4.Ba4 Nf6 5.d4 exd4 6.O-O Be7 7.Re1 b5 8.Bb3 d6
9.Bd5 Nxd5 10.exd5 Ne5 11.Nxd4 O-O 12.a4 Bg4 13.Qd2 Bd7 14.Nc3 b4 15.Nce2 
a5 16.b3 Bf6 17.Bb2 Qc8 18.Ng3 Qb7 19.Nh5 Bd8 20.f4 Ng4 21.Nf3 g6 22.Ng3 
Bf6 23.Bxf6 Nxf6 24.f5 Qxd5 25.Qg5 Qc5+ 26.Kh1 Qc3 27.Ne2 Ne4 28.Qh4 Qc6 
29.Ned4 Qc3 30.Qxe4 Rae8 31.Qf4 c5 32.f6 Rxe1+ 33.Rxe1 Re8 34.Rxe8+ Bxe8 
35.Qh6 1-0

[Event "14th Pan-American ch"]
[Site "Boca Raton USA"]
[Date "2008.11.07"]
[Round "9.8"]
[White "Terry Lujan, Renato Alfredo"]
[Black "Almeida Saenz, Alfonso"]
[Result "1-0"]
[WhiteElo "2349"]
[BlackElo "2378"]
[EventDate "2008.11.01"]
[PlyCount "103"]

1.d4 d5 2.c4 e6 3.Nc3 Nf6 4.Nf3 c6 5.Bg5 h6 6.Bxf6 Qxf6 7.e3 Nd7 8.Bd3 g5 
9.h3 h5 10.cxd5 exd5 11.e4 g4 12.e5 Qg7 13.Nh4 Qg5 14.Nf5 Nc5 15.hxg4 
Nxd3+ 16.Qxd3 Qxg4 17.Ne3 Qg5 18.Ne2 Bb4+ 19.Kf1 Qg6 20.Nf4 Qxd3+ 21.Nxd3 
Be7 22.g4 h4 23.Nf5 b6 24.Nf4 Bd7 25.Nxe7 Kxe7 26.f3 Rag8 27.Kf2 Rh6 28.
Nh5 Rc8 29.Nf6 c5 30.Nxd5+ Kd8 31.dxc5 Rxc5 32.Rad1 Bc6 33.g5 Rh8 34.Nf4+ 
Ke7 35.Rc1 Rg8 36.Rxc5 bxc5 37.g6 fxg6 38.Rxh4 Rg7 39.Rh6 Be8 40.Ke3 Bf7 
41.a3 a5 42.Ke4 Bb3 43.Rh8 g5 44.Nd5+ Kd7 45.Nf6+ Kc6 46.Rc8+ Kb5 47.Rb8+ 
Ka4 48.Nd5 Bxd5+ 49.Kxd5 g4 50.fxg4 Rxg4 51.e6 Rd4+ 52.Ke5 1-0

[Event "14th Pan-American ch"]
[Site "Boca Raton USA"]
[Date "2008.11.07"]
[Round "9.9"]
[White "Aldama Degurnay, Dionisio"]
[Black "Kleiman, Jake"]
[Result "1-0"]
[WhiteElo "2457"]
[BlackElo "2315"]
[EventDate "2008.11.01"]
[PlyCount "83"]

1.e4 c5 2.Nf3 e6 3.d4 cxd4 4.Nxd4 a6 5.Bd3 Ne7 6.O-O Nbc6 7.Be3 Nxd4 8.
Bxd4 Nc6 9.Be3 Be7 10.c4 d6 11.Nc3 O-O 12.f4 Bf6 13.Be2 b6 14.Qd2 Rb8 15.
Bf3 Bb7 16.Rfd1 Be7 17.Qf2 Ba8 18.Rac1 Na5 19.b3 Bc6 20.Be2 Bd7 21.b4 Nc6 
22.a3 a5 23.b5 Na7 24.Na4 Nc8 25.e5 dxe5 26.c5 bxc5 27.Nxc5 Bxc5 28.Bxc5 
Nb6 29.Bxf8 Qxf8 30.Rc7 Be8 31.fxe5 Qxa3 32.Bf3 Qb3 33.Rf1 Nc4 34.Bd5 exd5
35.Rxf7 h6 36.Rxg7+ Kxg7 37.Qf8+ Kh7 38.Qe7+ Kg6 39.Rf6+ Kh5 40.g4+ Kxg4 
41.Qg7+ Kh4 42.Rf4+ 1-0

[Event "14th Pan-American ch"]
[Site "Boca Raton USA"]
[Date "2008.11.07"]
[Round "9.12"]
[White "Rensch, Daniel"]
[Black "Pena Hernandez, Alfredo"]
[Result "1-0"]
[WhiteElo "2354"]
[BlackElo "2309"]
[EventDate "2008.11.01"]
[PlyCount "109"]

1.e4 e5 2.Nf3 Nc6 3.d4 exd4 4.Nxd4 Nf6 5.Nxc6 bxc6 6.e5 Qe7 7.Qe2 Nd5 8.c4
Ba6 9.b3 O-O-O 10.g3 f6 11.e6 dxe6 12.Bh3 Kb8 13.O-O e5 14.Bg2 Qe8 15.a3 
Bc5 16.Bb2 Nb6 17.Nc3 Bd4 18.a4 Qe6 19.Ne4 Qe7 20.Ba3 c5 21.a5 Nd7 22.Rab1
c6 23.b4 Qe6 24.bxc5+ Kc7 25.Qf3 f5 26.Ng5 Qf6 27.Nf7 e4 28.Qd1 Ne5 29.
Nxd8 Rxd8 30.Qb3 Nd3 31.Bc1 Bxc5 32.Qc2 Qe6 33.Bg5 Re8 34.Qc3 g6 35.Be3 
Bxe3 36.fxe3 Bxc4 37.a6 Rb8 38.Rxb8 Kxb8 39.Qh8+ Kc7 40.Qxh7+ Qf7 41.Qh8 
Qe7 42.Qd4 Bxa6 43.Qxa7+ Bb7 44.Rb1 Kc8 45.Bf1 Nc5 46.Rc1 Nd7 47.Ba6 Nb8 
48.Bxb7+ Qxb7 49.Qxb7+ Kxb7 50.g4 Nd7 51.gxf5 gxf5 52.h4 Ne5 53.h5 Ng4 54.
Rc5 Nh6 55.Re5 1-0

[Event "14th Pan-American ch"]
[Site "Boca Raton USA"]
[Date "2008.11.07"]
[Round "9.25"]
[White "Hortillosa, Andres"]
[Black "Hall, William"]
[Result "1-0"]
[WhiteElo "2199"]
[BlackElo "2020"]
[EventDate "2008.11.01"]
[PlyCount "83"]

1.Nf3 Nf6 2.c4 g6 3.Nc3 Bg7 4.e4 d6 5.d4 O-O 6.Be2 e5 7.O-O Nc6 8.d5 Ne7 
9.b4 a5 10.Ba3 axb4 11.Bxb4 b6 12.a4 Ne8 13.Nd2 f5 14.f3 g5 15.Ra2 f4 16.
Qc2 h5 17.Rfa1 g4 18.a5 c5 19.dxc6 Nxc6 20.Ba3 Nd4 21.Qd1 bxa5 22.fxg4 
Nxe2+ 23.Qxe2 Bxg4 24.Nf3 Nc7 25.Rd1 Rf6 26.c5 Bf8 27.Rad2 Ne6 28.Qc4 Kh7 
29.Rb1 Qc8 30.Nd5 Rf7 31.Nb6 Qa6 32.Qd5 Rd8 33.c6 Rg7 34.Kh1 Be7 35.Nc4 
Nc7 36.Qd3 Rdg8 37.Rb6 Bxf3 38.Qxf3 Rg5 39.Rxa6 Nxa6 40.Bxd6 Bxd6 41.Rxd6 
Rb8 42.Nxa5 1-0